Život svätej blaženej Xénie Peterburskej (3)

Bibliographic Details
Main Author: Kosťová, Helena (Author)
Format: Article
Language:Slovak
PhysicalDescription:Fotogr.
ISSN:0139-9012
Subjects:

MARC

LEADER 00000cab a2200000 a 4500
001 vtls009326873
003 SK-MaSNL
005 20260303182116.0
008 080827c2008 xo mr p 000 a0slo
015 |a SNBRB2008/08 
038 |a SVKPOCL 
040 |a SVKPOCL  |b slo  |c SVKPOCL  |e AACR2 
041 0 |a slo 
044 |a xo  |c SK 
080 |a 27-36  |2 2001 
080 |a 929 Xénia Peterburská  |2 2001 
100 1 |a Kosťová, Helena  |4 aut  |9 651281 
245 1 0 |a Život svätej blaženej Xénie Peterburskej  |n (3)  |c Helena Kosťová 
300 |b Fotogr. 
600 0 7 |a Xénia Peterburská  |c sv.  |2 svkpocl  |9 1209417 
650 0 7 |a svätci  |2 svkpocl  |9 1606 
650 0 7 |a náboženstvo  |2 svkpocl  |9 2023 
651 7 |a Petrohrad (Rusko)  |2 svkpocl  |9 31081 
655 7 |a biografie  |2 svkpocl  |9 27965 
773 0 |t Odkaz sv. Cyrila a Metoda = Zapovit sv. Kyryla i Mefodija  |g Roč. LIV, č. 6 (2008), s.16-18  |x 0139-9012 
852 |a SVKPO  |b KIS3GCP 
958 |a UK 
958 |a LX 
958 |a NT 
958 |a SK 
958 |a RU 
958 |a BC 
999 |c 2115713  |d 2117643